[Event "ROM-ch U08 Girls"]
[Site "Calimanesti Caciulata"]
[Date "2016.04.20"]
[Round "3"]
[White "Moldovan, Laura"]
[Black "Chira, Mara Alexia"]
[Result "1-0"]
[WhiteElo "1091"]
[BlackElo "1010"]
[PlyCount "137"]
[EventDate "2016.04.18"]
[EventType "swiss"]
[EventRounds "9"]
[EventCountry "ROU"]
[SourceTitle "CBM 172 Extra"]
[Source "ChessBase"]
[SourceDate "2016.06.21"]
[SourceVersion "1"]
[SourceVersionDate "2016.06.21"]
[SourceQuality "1"]

1. d4 d5 2. Nf3 Nc6 3. e3 Nf6 4. Bd3 Bg4 5. 0-0 e5 6. dxe5 Nxe5 7. Be2 Nc6 8. Nd4 Bxe2 9. Qxe2 Nxd4 10. exd4+ Be7 11. Qb5+ Qd7 12. Qxd7+ Nxd7 13. Re1 h6 14. Nc3 Nf6 15. Nb5 Rd8 16. Nxc7+ Kf8 17. Nb5 a6 18. Na3 b5 19. Nb1 b4 20. g3 Rc8 21. c3 bxc3 22. bxc3 Ne4 23. Bb2 a5 24. f3 Nf6 25. Nd2 a4 26. a3 Kg8 27. Rxe7 h5 28. h4 Rh6 29. Rc1 Rg6 30. Kg2 Rd8 31. c4 dxc4 32. Rxc4 Nd5 33. Re4 Rb8 34. Bc1 f5 35. Re5 Rd8 36. Rxf5 Ne3+ 37. Kf2 Nxc4 38. Nxc4 Rxd4 39. Rc5 Rd1 40. Rc8+ Kh7 41. Ne3 Rd3 42. Nf5 Rf6 43. Ke2 Rd7 44. Nh6 gxh6 45. Bb2 Re6+ 46. Kf1 Rd2 47. Rh8+ Kg6 48. Rg8+ Kf5 49. Rf8+ Kg6 50. Rg8+ Kf7 51. Rg7+ Ke8 52. Bc3 Rc2 53. Rg8+ Kd7 54. Rg7+ Kc6 55. Bb4 Re5 56. Re7 Rd5 57. Re1 Rd4 58. Ra1 Rdc4 59. Ke1 Rc1+ 60. Rxc1 Rxc1+ 61. Kd2 Rc4 62. Kd1 Kd5 63. f4 Ke4 64. Kd2 Kf3 65. f5 Kxg3 66. f6 Rc7 67. Bd6+ Kxh4 68. Bxc7 Kg5 69. f7 1-0